Perindropil-amlodipin-indapamid hármas fix kombináció - Eredmények a vérnyomáscsökkentésen túl

Elmentve itt :
Bibliográfiai részletek
Szerző: Nemes Attila
Dokumentumtípus: Cikk
Megjelent: 2016
Sorozat:CARDIOLOGIA HUNGARICA 46
mtmt:3170694
Online Access:http://publicatio.bibl.u-szeged.hu/16338
LEADER 00658nab a2200181 i 4500
001 publ16338
005 20190802095252.0
008 190802s2016 hu o 0|| zxx d
022 |a 0133-5596 
024 7 |a 3170694  |2 mtmt 
040 |a SZTE Publicatio Repozitórium  |b hun 
041 |a zxx 
100 1 |a Nemes Attila 
245 1 0 |a Perindropil-amlodipin-indapamid hármas fix kombináció - Eredmények a vérnyomáscsökkentésen túl  |h [elektronikus dokumentum] /  |c  Nemes Attila 
260 |c 2016 
300 |a 120-124 
490 0 |a CARDIOLOGIA HUNGARICA  |v 46 
856 4 0 |u http://publicatio.bibl.u-szeged.hu/16338/1/CoverCardPlus-reviewCardiolHung2016.pdf  |z Dokumentum-elérés